Mýtus o materskej dovolenke (alebo ako som sa stal mamou)

Bibliographic Details
Main Author: Ďurove, Rastislav (Author)
Format: Article
Language:Slovak
PhysicalDescription:Fotografie
ISSN:1337-8899
Subjects:
Online Access:www.versamedia.sk

MARC

LEADER 00000nab a2200000 4500
001 vtls011859572
003 SK-MaSNL
005 20260303094825.0
008 190402|2018 xo |||| ||n ||00 0|slo
015 |a SNBRB2019/04 
040 |a SPKCL  |b slo  |e rda 
041 |a slo 
044 |a xo  |c SK 
072 7 |a 331  |x Práca  |2 konspekt 
080 |a 331.322.5  |2 2011 
100 1 |a Ďurove, Rastislav  |4 aut  |9 889138 
245 1 0 |a Mýtus o materskej dovolenke  |b (alebo ako som sa stal mamou)  |c Rastislav Ďurove 
300 |b Fotografie 
336 |a text  |b txt  |2 rdacontent 
337 |a bez média  |b n  |2 rdamedia 
338 |a zväzok  |b nc  |2 rdacarrier 
650 0 7 |a materská dovolenka  |2 SNKPH  |9 71618 
650 0 7 |a otcovia  |2 SNKPH  |9 1695 
773 0 |t Moja psychológia  |g Roč. 11, č. 3 (2019), s. 65-68  |x 1337-8899 
856 4 1 |u www.versamedia.sk 
999 |c 1822650  |d 1824580